000 00510 a2200169 4500
082 _a956.014092
090 _c6897
_d6897
100 _aBeha ud Din
245 _aThe life of Salah ud Din Ayyubi
_cBeha ud Din
260 _aRawalpindi
_bArmy Book Club
_c1983
300 _axx, 420p.
_bill.:
_c27cm.
650 _aSaladin, Sultan of Egypt and syria 1137-1193
650 _aEgypt-kings and rulers-Biography
650 _aSyria-kings and rulers-biography
655 _aIncludes index
942 _cBK
_k956.014092 BEH
999 _c10718
_d10718